| 000 | 00671nam a2200229Ia 4500 | ||
|---|---|---|---|
| 003 | GCL | ||
| 008 | 140319s9999 xx 000 0 ara d | ||
| 040 |
_aGCL / _cGCL |
||
| 082 | 0 | 4 |
_a649.1 _bز ص |
| 100 | 1 | _aاسماعيل صبرى | |
| 245 | 1 | 0 |
_aصحة الام والطفل / _cاسماعيل صبرى |
| 700 | 1 | _aابراهيم مجدى | |
| 700 | 1 | _aزكى شعبان | |
| 260 |
_a[S.N] : _bنهضة مصر للطباعة والنشر والتوزيع ، _c1980 |
||
| 490 | _a | ||
| 650 | 0 | 4 | _aالطب |
| 650 | 0 | 4 | _aالرعاية الصحية |
| 650 | 0 | 4 | _aالاطفال |
| 650 | 0 | 4 | _aالولادة |
| 650 | 0 | 4 | _aطب النساء |
| 942 |
_2ddc _cBK |
||
| 999 |
_c31207 _d31207 |
||